000 00589nam a2200217Ia 4500
008 191130s1997##################000#0#eng##
020 _a9783631321188
022 _a98173652
040 _aACL
_cACL
082 _a401.41 SHI
100 _aShi-xu
245 _aCultural representations
_cShi-xu
260 _aFrankfurt am Main
_bP. Lang
_cc1997
300 _a271 p. ; 21 cm
500 _aincludes index
650 _aCultural relations
650 _aDiscourse analysis--Psychological aspects
990 _a2b04e854ac10000c783439838f26c7f1
991 _a438615
999 _c142882
_d142882